| 000 | 01149nam0a22003011 4500 | ||
|---|---|---|---|
| 001 | rc\4745050 | ||
| 005 | 20250612165721.0 | ||
| 021 |
_aRU _b[67-33989] |
||
| 035 | _a(NLR Aleph) 008738843 | ||
| 090 |
_a9520530 _c9520530 |
||
| 100 | _a20130416d1967 |||y0rusy50 ca | ||
| 101 | 0 | _arus | |
| 102 | _aRU | ||
| 105 | _aa z ||||| | ||
| 200 | 1 | _aПостроение логических схем на пороговых элементах | |
| 210 |
_aКуйбышев _cКн. изд-во _d1967 |
||
| 215 |
_a96 с. _cчерт. _d17 |
||
| 225 | 1 | _aВычислительная техника - производству | |
| 320 | _aБиблиогр.: с. 95 (20 назв.) | ||
| 608 |
_aЛогические схемы _xПороговые элементы _2psbo |
||
| 700 | 1 |
_aСтепанян _bА.А. _gАлександр Арменакович |
|
| 701 | 1 |
_7ca _8rus _aАрхангельский _bС. В. _cд-р техн. наук _f- 2015 _gСергей Васильевич _9221721 _3RU\NLR\AUTH\770221777 |
|
| 801 | 0 |
_aRU _bNLR _gpsbo |
|
| 801 | 1 |
_aRU _bELAR _2rusmarc |
|
| 852 |
_aNLR _j67-2/1363 |
||
| 942 | _cBOOK | ||
| 980 | _aNB | ||